Statistiques concernant Tous les clubs ayant participé à la Ligue Europa Conférence

Cliquez ici pour prendre le quiz!

Statistiques générales

  • Ce quiz a été pris 73 fois
  • Le résultat moyen est 30 sur 88

Statistiques - réponses

PaysClub% Correct
FranceOlympique de Marseille
85%
AngleterreWest Ham
83%
FranceLOSC
80%
FranceStade Rennais
76%
FranceOGC Nice
72%
EcosseCeltic Glasgow
70%
DanemarkFC Copenhague
70%
AngleterreAston Villa
67%
ItalieAS Rome
65%
EcosseRangers
63%
AllemagneUnion Berlin
61%
AllemagneEintracht Francfort
59%
PortugalSC Braga
59%
BelgiqueAnderlecht
54%
CroatieDinamo Zagreb
54%
LiechtensteinFC Vaduz
54%
ItalieFiorentina
54%
AngleterreTottenham Hotspur
54%
Pays-BasFeyenoord Rotterdam
52%
IsraëlMaccabi Tel-Aviv
52%
AzerbaïdjanQarabag
52%
RoumanieSteaua Bucarest
52%
ChypreOmonia Nicosie
50%
Pays-BasPSV Eindhoven
50%
République TchèqueSparta Prague
50%
République TchèqueSlavia Prague
48%
BulgarieCSKA Sofia
46%
LettonieRFS
46%
TurquieBesiktas
43%
ItalieLazio Rome
43%
KazakhstanFC Astana
41%
BelgiqueLa Gantoise
41%
IsraëlMaccabi Haïfa
41%
AutricheAustria Vienne
39%
SuisseFC Bâle
39%
TurquieFenerbahce
37%
AngleterreLeicester City
37%
AutricheRapid Vienne
37%
SlovaquieSlovan Bratislava
37%
HongrieFerencvaros
35%
LituanieZalgiris Vilnius
35%
Pays-BasAZ Alkmaar
33%
EstonieFlora Tallinn
33%
AutricheLASK Linz
33%
NorvègeMolde FK
33%
République TchèqueViktoria Plzen
33%
PologneLegia Varsovie
30%
SerbiePartizan Belgrade
30%
ArméniePyunik Erevan
30%
MoldavieSheriff Tiraspol
30%
RoumanieCFR Cluj
28%
UkraineDnipro-1
28%
FinlandeHJK
28%
PologneLech Poznań
28%
AllemagneFC Cologne
26%
EspagneVillareal
26%
GibraltarLincoln Red Imps
24%
BulgarieLudogorets Razgrad
24%
IrlandeShamrock Rovers
24%
TurquieTrabzonspor
24%
ChypreAEK Larnaca
20%
NorvègeBodø/Glimt
20%
TurquieIstanbul Basaksehir
20%
GrècePAOK Salonique
20%
Pays-BasVitesse Arnhem
20%
ChypreApollon Limassol
17%
IsraëlHapoël Beer-Sheva
17%
KosovoKF Ballkani
17%
Iles FéroéKI Klaksvík
17%
SlovénieOlimpia Ljubljana
17%
DanemarkMidtjylland
15%
EcosseHeart of Midlothian
13%
DanemarkNordsjælland
11%
KazakhstanKaïrat Almaty
9%
DanemarkRanders
9%
TurquieSivasspor
9%
République TchèqueFK Jablonec
7%
UkraineZorya Louhansk
7%
Bosnie-HerzégovineZrinjski Mostar
7%
ChypreAnorthosis Famagouste
4%
République TchèqueFC Slovácko
4%
SerbieFK Čukarički
4%
SlovénieNS Mura
4%
SlovaquieSpartak Trnava
4%
ArménieAlashkert
2%
SuèdeDjurgardens
0%
IslandeKópavogur
0%
DanemarkSilkeborg
0%

Distribution des résultats

Percentile par nombre de réponses

% des personnes avec chaque résultat

Votre développement - résultats

Vous n’avez pas pris ce quiz